| 000 | 00549nam a2200133Ia 4500 | ||
|---|---|---|---|
| 008 | 100328s9999 xx 000 0 und d | ||
| 082 | _b71577 | ||
| 100 | _aकुलकर्णी दिलीप-अनु. | ||
| 245 | _aवैदिक गणित-भाग-4 (बीजगणित) | ||
| 260 | _bदिलीप दत्तात्रय कुलकर्णी | ||
| 630 | _aवैदिक गणित-भाग-4 (बीजगणित) | ||
| 730 | _aवैदिक गणित-भाग-4 (बीजगणित) | ||
| 942 | _cBOOK | ||
| 999 |
_c557301 _d557298 |
||